La suppression des Arméniens. Méthode allemande - travail turc = (Record no. 351632)
[ view plain ]
| 000 -LEADER | |
|---|---|
| fixed length control field | 01164nam a2200265 a 4500 |
| 001 - CONTROL NUMBER | |
| control field | 001088331 |
| 003 - CONTROL NUMBER IDENTIFIER | |
| control field | AM-YEHGA |
| 005 - DATE AND TIME OF LATEST TRANSACTION | |
| control field | 20250617151441.0 |
| 008 - FIXED-LENGTH DATA ELEMENTS--GENERAL INFORMATION | |
| fixed length control field | 150622s2015 ai |||||r|||||||||0|fre|d |
| 020 ## - INTERNATIONAL STANDARD BOOK NUMBER | |
| International Standard Book Number | 9785808419360 |
| 040 ## - CATALOGING SOURCE | |
| Original cataloging agency | AM-YeHGA |
| 041 0# - LANGUAGE CODE | |
| Language code of text/sound track or separate title | fre |
| 090 ## - LOCALLY ASSIGNED LC-TYPE CALL NUMBER (OCLC); LOCAL CALL NUMBER (RLIN) | |
| -- | 353445 |
| 100 1# - MAIN ENTRY--PERSONAL NAME | |
| Personal name | Pinon, René, |
| Dates associated with a name | 1870-1958 |
| 245 13 - TITLE STATEMENT | |
| Title | La suppression des Arméniens. Méthode allemande - travail turc = |
| Remainder of title | Հայերի բնաջնջումը : գերմանական մեթոդ, թուրքական աշխատանք / |
| Statement of responsibility, etc. | René Pinon ; La réédition est préparée à la publication par V. Poghosyan. |
| 246 11 - VARYING FORM OF TITLE | |
| Title proper/short title | Հայերի բնաջնջումը : |
| Remainder of title | գերմանական մեթոդ, թուրքական աշխատանք |
| 260 ## - PUBLICATION, DISTRIBUTION, ETC. | |
| Place of publication, distribution, etc. | Erevan : |
| Name of publisher, distributor, etc. | Éditions de l'Université d'État d'Erevan, |
| Date of publication, distribution, etc. | 2015. |
| 300 ## - PHYSICAL DESCRIPTION | |
| Extent | 58 p. ; |
| Dimensions | 19 cm. |
| 500 ## - GENERAL NOTE | |
| General note | Includes index. |
| 650 14 - SUBJECT ADDED ENTRY--TOPICAL TERM | |
| Topical term or geographic name entry element | Համաշխարհային պատերազմ |
| Chronological subdivision | 1914-1918 |
| Geographic subdivision | Հայաստան |
| 650 14 - SUBJECT ADDED ENTRY--TOPICAL TERM | |
| Topical term or geographic name entry element | Հայոց ցեղասպանություն, 1915-1923 |
| 700 1# - ADDED ENTRY--PERSONAL NAME | |
| Personal name | Poghosyan, Varoujean |
| Relationship | edt |
| 710 2# - ADDED ENTRY--CORPORATE NAME | |
| Corporate name or jurisdiction name as entry element | Université d'Etat d'Erévan |
| Subordinate unit | Institut des études arménologiques |
| 942 ## - ADDED ENTRY ELEMENTS (KOHA) | |
| Source of classification or shelving scheme | Universal Decimal Classification |
| Koha item type | Գրքեր / Books |
| Withdrawn status | Lost status | Damaged status | Not for loan | Collection | Home library | Current library | Date acquired | Cost, normal purchase price | Shelving control number | Total checkouts | Full call number | Barcode | Date last seen | Price effective from | Koha item type | Public note | Source of classification or shelving scheme |
|---|---|---|---|---|---|---|---|---|---|---|---|---|---|---|---|---|---|
| General | Fundamental Scientific Library | Fundamental Scientific Library | 11/01/2017 | 2000.00 | И II/115329 | FL0346111 | 11/01/2017 | 11/01/2017 | Գրքեր / Books | 30 Days Loan | |||||||
| General | Fundamental Scientific Library | Fundamental Scientific Library | 11/01/2017 | 2000.00 | И II/115330 | FL0346088 | 11/01/2017 | 11/01/2017 | Գրքեր / Books | 30 Days Loan | |||||||
| General | Fundamental Scientific Library | Fundamental Scientific Library | 16/11/2017 | И II/115845 | FL0467062 | 16/11/2017 | 16/11/2017 | Գրքեր / Books | 30 Days Loan | Universal Decimal Classification | |||||||
| General | Fundamental Scientific Library | Fundamental Scientific Library | 13/11/2023 | И II/117934 | FL0681586 | 13/11/2023 | 13/11/2023 | Գրքեր / Books | 30 Days Loan |
ՀՀ Գիտությունների ազգային ակադեմիայի հիմնարար գիտական գրադարան = Fundamental Scientific Library of NAS RA
All site content, except where otherwise noted, is licensed under a